000 00809nam a22002417a 4500
650 7 _aJudaísmo
_xHistoria
_2
_96884
999 _c40649
_d40649
001 11305
003 CO-MdFUSB
005 20220625062545.0
008 180503s1929 mx ||||| |||| 00| 0 spa d
040 _aCO-MdFUSB
_bspa
_cCO-MdFUSB
_dCO-MdFUSBC
_erda
041 0 _aspa
082 0 4 _aG 229 S6421e
100 1 _aSmith, William
_eautor
245 1 0 _aEntre los dos testamentos
_b: Historia secular de los judíos hasta la destrucción de Jerusalem
_c / William Smith
264 1 _aMéxico :
_bCasa Unida de Publicaciones,
_c[1929]
300 _a155 Pag
336 _2rdacontent
_atexto
_btxt
337 _2rdamedia
_asin mediación
_bn
338 _2rdacarrier
_avolumen
_bnc
653 _aJudaísmo - Historia - Periodo post-exilio, 586 A.C. - 210 D.C.
942 _cBK